[Event "St Petersburg-ch"]
[Site "St Petersburg"]
[Date "1995.??.??"]
[Round "11"]
[White "Svidler, Peter"]
[Black "Aseev, Konstantin N"]
[Result "1-0"]
[WhiteElo "2585"]
[BlackElo "2530"]
[Annotator "Svidler,P"]
[PlyCount "115"]
[EventDate "1995.04.??"]
[EventType "tourn"]
[EventRounds "12"]
[EventCountry "RUS"]
[EventCategory "9"]
[SourceTitle "CBM 047"]
[Source "ChessBase"]
[SourceDate "1995.08.01"]
[SourceVersion "1"]
[SourceVersionDate "1995.08.01"]
[SourceQuality "1"]

1. e4 {Hecht} c5 2. Nf3 d6 3. d4 cxd4 4. Nxd4 Nf6 5. Nc3 Nc6 6. Bg5 e6 7. Qd2
a6 8. O-O-O Bd7 9. f3 Be7 10. h4 Rc8 11. g4 Ne5 12. Kb1 b5 13. Qe1 Qc7 14. Bc1
b4 15. Nce2 Nxf3 16. Nxf3 Qxc2+ 17. Ka1 Qxe4 18. Qg3 (18. Bg2 Rc2 19. Nfd4 (19.
Nf4 Rxc1+ 20. Rxc1 Qxf4 $19) 19... Rxc1+ 20. Rxc1 Qxg2 $19) (18. Qf2 Nxg4 19.
Qg3 e5 20. Bh3 h5 21. Rhe1 $13) (18. Rh3 $5 e5 $1 19. g5 (19. Ng5 Qb7 $17)
19... Bxh3 20. Bxh3 (20. gxf6 Qxf3 $19) 20... Nd7 21. Qf1 $44) 18... e5 $1 (
18... Qxg4 19. Qf2 $36) 19. Bg5 (19. g5 Nh5 20. Qf2 Rc2 $36 (20... Bf5 $5 21.
Bd2 $13) 21. Qe3 $140 Rxc1+ $1 22. Qxc1 Qxf3 $19) 19... Nxg4 $1 20. Ned4 $5 (
20. Bxe7 Ne3 $19) (20. Bh3 Bxg5 21. hxg5 (21. Nxg5 Qxe2 22. Rhe1 Qf2 $19) 21...
Ne3 $1 22. Bxd7+ Kxd7 $17) 20... Bxg5 (20... exd4 21. Bd3 (21. Bxa6) 21... Qd5
(21... Qb7 22. Bxe7 Kxe7 23. Rhe1+ $16) 22. Rhe1 Ne3 (22... Be6 23. Rxe6 Qxe6
24. Nxd4 $1 $16) 23. Nxd4 (23. Bxe3 dxe3 24. Bxa6 Qa8 25. Bxc8 Bxc8 26. Qxg7
$16) 23... Qxd4 24. Rxe3 $16 Be6 $140 25. Rxe6 (25. Bb5+ $2 axb5 26. Rxd4 Rc1#)
25... fxe6 26. Bg6+ hxg6 27. Rxd4 $18) 21. hxg5 (21. Nxg5 Qe3 22. Qxe3 (22. Ne2
Qxg3 23. Nxg3 Nf2 24. Bxa6 Rc7 $17) 22... Nxe3 23. Bxa6 Rd8 $17) 21... Ne3 (
21... exd4 22. Bxa6 $36) 22. Bd3 (22. Bxa6 exd4 $1 $17) 22... Qg4 (22... Nxd1
$4 23. Bxe4 Rc1+ 24. Bb1 $18) (22... Qd5 $142 23. Nb3 (23. Rde1 exd4 24. Rh4
Be6 $1 $19 25. Rxd4 $140 Qxa2#) 23... Nxd1 24. Rxd1 $17) 23. Qxg4 Bxg4 (23...
Nxg4 24. Nf5 $13) 24. Rde1 (24. Rdg1 $6 Rc5 (24... exd4 25. Nxd4 Rc5 26. Rg3
Re5 27. Nc6 (27. Re1 Nd5 $17) 27... Re6 28. Nd4 $10) 25. Nb3 $8 Bxf3 26. Rh3
Rd5 27. Bb1 e4 $17) 24... Bxf3 (24... exd4 $2 25. Nxd4 $16) 25. Nxf3 Nc2+ 26.
Bxc2 Rxc2 {Hecht: RRN<->RR. 3P<->7P} 27. Rh4 $1 $15 a5 $6 (27... Rf2 $142 $1
28. Rxb4 O-O 29. Rb3 $15) 28. Nd4 $1 Rg2 (28... Rc4 29. b3) 29. Nc6 Kd7 30.
Nxa5 Ra8 (30... Rb8 $5) 31. Nc4 Ke6 32. Ne3 Rxg5 33. Rxb4 {Hecht: 5 verbundene
Freibauern <-> 2 verbundene Freibauern. Es geht um Taktik, es geht um Tempo.}
f5 34. Rb6 f4 35. Nc4 Rd8 36. a4 f3 37. Ka2 f2 38. Rf1 Rf5 39. a5 e4 $138 (
39... g5 $142 40. a6 g4 (40... h5 {Hecht} 41. a7 Ra8 42. Rxd6+ Ke7 43. Ra6 g4
44. Nb6 $18) 41. a7 (41. Ne3 $5 Rf4 42. Nxg4 Rxg4 43. Rxf2 $13) 41... Ra8 (
41... g3 42. Rxd6+ Rxd6 43. a8=Q $18) 42. Rxd6+ Ke7 43. Ra6 g3 44. Ne3 Rf3 $13)
40. a6 g5 41. a7 Ra8 42. Rxd6+ Ke7 43. Ra6 Kf8 $3 (43... Rf6 44. Nb6 Rxb6 (
44... e3 45. Nd5+) 45. Rxb6 Rxa7+ 46. Kb1 e3 47. Rb3 $1 $18) 44. Nb6 Rxa7 $1
45. Rxa7 e3 46. Nd7+ $1 Kf7 (46... Ke8 47. Ra3 $1 Rf3 48. Nf6+ Kd8 49. Rxe3
Rxe3 50. Nxh7 $18) (46... Kg8 47. Ra8+ Kg7 48. Re8 $18) 47. Ne5+ $138 (47. Nc5+
$18) 47... Kf8 (47... Kf6 48. Ng4+ $18) (47... Ke6 48. Nc6 $1 $18) (47... Ke8
48. Nc6 $18) (47... Kg8 $5 48. Ng4 $1 e2 49. Nh6+ Kf8 (49... Kh8 50. Nxf5
exf1=Q 51. Ra8#) 50. Ra8+ Ke7 51. Nxf5+ Kd7 52. Ra7+ Kd8 53. Rxf2 e1=Q 54. Rf3
Qe6+ 55. Ka3 $18) 48. Nd7+ (48. Nd3 $5 g4 $3 $44 (48... e2 $2 49. Rc1 $1 Ra5+ (
49... e1=Q 50. Nxe1 f1=Q 51. Rc8#) 50. Rxa5 f1=Q 51. Rc7 $18)) 48... Kf7 49.
Nc5+ $1 Kg6 (49... Ke8 50. Ra3 $18) (49... Kf8 50. Ne6+ Kg8 (50... Ke8 51. Rc1
$18) 51. Rc1 $18) (49... Kf6 50. Ne4+ Kg6 51. Nc3 $18) 50. Re7 $1 Rxc5 51. Rxe3
Rf5 52. Re2 g4 53. Rexf2 Ra5+ (53... Rxf2 54. Rxf2 h5 55. b4 h4 56. b5 h3 (
56... g3 57. Rg2 Kg5 58. b6 Kg4 59. b7 h3 60. b8=Q hxg2 61. Qb6 $18) 57. b6 g3
58. Rd2 $1 h2 59. b7 h1=Q 60. b8=Q $18) 54. Kb1 h5 55. Rf8 Kg5 56. Rg8+ Kh4 57.
Rh1+ Kg3 58. Rh8 1-0

[Event "NED-ch57"]
[Site "Leeuwarden"]
[Date "2002.06.27"]
[Round "7"]
[White "Tiviakov, Sergei"]
[Black "Van der Wiel, John"]
[Result "1/2-1/2"]
[WhiteElo "2625"]
[BlackElo "2509"]
[Annotator "Tiviakov,S"]
[PlyCount "136"]
[EventDate "2002.06.20"]
[EventType "tourn"]
[EventRounds "9"]
[EventCountry "NED"]
[EventCategory "13"]
[SourceTitle "CBM 091"]
[Source "ChessBase"]
[SourceDate "2002.11.12"]
[SourceVersion "1"]
[SourceVersionDate "2002.11.12"]
[SourceQuality "1"]

1. e4 c5 2. Nf3 d6 3. d4 cxd4 4. Nxd4 Nf6 5. Nc3 Nc6 6. Bg5 e6 7. Qd2 a6 8.
O-O-O Bd7 9. f4 h6 10. Bh4 g5 $5 11. fxg5 Ng4 12. Be2 (12. Nxc6 Bxc6 13. g3 $5
hxg5 $146 (13... Qb6 $6 14. g6 fxg6 15. Bh3 $36 Ne5 16. Bf6 Be7 17. Bxe5 dxe5
18. Qe2 Bd7 19. Rxd7 Kxd7 20. Nd5 Bg5+ 21. Kb1 Qc6 22. Rd1 Kc8 23. Nb4 Qb6 24.
Nd5 Qc6 25. Nb4 Qb6 26. Nd5 {1/2-1/2 Gavrikov,V-Gabriel,C/Augsburg 1994/EXT
2001 (26)}) (13... Be7 14. g6 $14 (14. gxh6 Bxh4 15. gxh4 Qxh4 16. Rg1 $14))
14. Bxg5 Qxg5 (14... f6 15. Qf4 $16) 15. Qxg5 Bh6 16. Qxh6 Rxh6 17. Rxd6 (17.
Rd2 Ke7 $44) 17... Nf2 18. Rg1 Rxh2 19. Rd2 Ke7 20. Bg2 Ng4 21. Bf3 Rxd2 22.
Kxd2 Rd8+ 23. Ke2 Ne5 $44 24. Rd1 Rh8 25. Rh1 Rg8 26. Kf2 b5 27. a3 a5 28. Rh5
Kd6 29. Bg2 b4 30. axb4 axb4 31. Ne2 Ng4+ 32. Ke1 Ne3 33. e5+ Kc5 34. Bxc6 Kxc6
35. Rh7 Rf8 36. Nd4+ Kd5 37. Ke2 Nc4 38. Nf3 Nxe5 39. Rh5 f5 40. Nxe5 Kxe5 41.
Rh4 Rb8 42. Kf3 Kf6 43. g4 b3 44. Rh2 fxg4+ 45. Kxg4 Ke5 46. Kf3 bxc2 47. Rxc2
Rb3+ 48. Rc3 Rxb2 49. Ke3 Kf5 50. Rc5+ e5 51. Rc4 Rb3+ 52. Ke2 Ra3 53. Rb4 Rc3
54. Ra4 Rc5 55. Ke3 e4 56. Rxe4 Re5 57. Rxe5+ Kxe5 {1/2-1/2 Van der Wiel,
J-Nijboer,F/Leeuwarden NED 2002/The Week in Chess 398 (57)}) 12... Nge5 13. Nf3
Be7 14. Rhg1 b5 15. Kb1 $5 (15. Rdf1 b4 (15... Rb8) (15... Rc8 16. Kb1 {
- 15.Kb1 Rc8 16.Rdf1}) 16. Nd1 (16. Na4 $5 Qa5 17. b3 $13) 16... Rb8 $1 {(><b5)
} (16... a5 17. Bb5 $1 (17. Kb1 Rb8 $1 {- 16...Rb8 17.Kb1 a5} (17... a4 18. Bb5
(18. Nxe5 Nxe5 19. Qxb4 hxg5 20. Bg3 Rb8 21. Qd4 O-O (21... f6 22. Rh1 Qc7 23.
h4 Bb5 24. Bxb5+ Rxb5 25. Qxa4 Qc6 26. Nc3 Rb6 27. hxg5 Rxh1 28. Rxh1 Kf7 29.
Bxe5 fxe5 30. Qxc6 Rxc6 31. Rh7+ Kf8 32. g6 d5 33. exd5 exd5 34. Nxd5 Rd6 35.
Rf7+ {1-0 Ortega,M-Hernández,D/Nac. Juvenil S/F 2000 (35)}) 22. Rh1 Qc7 23. h4
g4 24. Qd2 Bc6 25. Bd3 {1/2-1/2 Sax,G-Kozul,Z/Sarajevo 1998/CBM 64 ext (25)})
18... Ra5 19. Bxc6 Bxc6 20. Qxb4 hxg5 21. Bxg5 Bxg5 22. Nxg5 Rb5 23. Qd2 Nc4
24. Qc3 Qxg5 25. Qxc4 Qc5 26. Qc3 Qxc3 27. Nxc3 Rg5 28. h3 Rg3 29. Rd1 Ke7 30.
a3 Rhg8 31. Rd2 Rxh3 32. Rgd1 Rh2 33. Rxd6 Be8 34. R1d2 Rgxg2 35. Rxg2 Rxg2 36.
Ra6 Rg1+ 37. Ka2 Rg2 38. Nxa4 Rxc2 39. Nc3 Rc1 40. a4 {1-0 Krakops,M-Van der
Wiel,J/Pula 1997/CBM 57 ext (40)}) (17... Rc8 {- 15.Kb1 Rc8 16.Rdf1 b4 17.Nd1
a5}))) 17. Kb1 a5 18. Nf2 a4 $36 {~/=} 19. Nd3 Nc4 20. Qc1 e5 21. g3 hxg5 22.
Bxg5 f6 23. Bh6 Be6 24. Nf2 Na3+ 25. Ka1 Qc7 26. bxa3 Rxh6 27. c3 b3 28. axb3
Rxb3 29. Nd1 d5 30. Qxh6 Qb6 31. Nb2 Rxb2 32. Rb1 Bxa3 33. Qxf6 Ne7 34. Ng5 Qb3
{1/2-1/2 Solleveld,M-Nijboer,F/Amsterdam 2001/CBM 83 ext (34)}) 15... Rb8 $1 {
(><b5)} (15... Rc8 16. Rdf1 b4 17. Nd1 a5 (17... Qa5 18. b3 Qc7 19. Ne3 Rh7 20.
Nc4 Nxc4 21. Bxc4 Ne5 22. Nxe5 dxe5 23. g6 fxg6 24. Bxe7 Kxe7 25. Qxb4+ {
1-0 Sax,G-Molnar,B/Zalakaros 1995/EXT 97 (25)}) 18. Bb5 $1 (18. Bg3 hxg5 19.
Nxe5 Nxe5 20. Bxe5 dxe5 21. Ne3 Bc6 22. Bd3 Qd4 23. Rd1 Rxh2 24. Rgf1 Rh7 25.
Ng4 Rd8 26. Qe2 Qc5 27. Qe1 f5 28. exf5 e4 29. f6 exd3 30. cxd3 Bd6 31. Rc1 Qd5
32. Rxc6 Qxc6 33. Qxe6+ Kf8 34. Ne5 Qe8 35. Qf5 Bxe5 36. Qxh7 Qd7 37. Qh6+ Kf7
38. Qh5+ Ke6 39. Qg4+ Kf7 40. Qh5+ Ke6 41. Qg4+ Kd6 42. Qxg5 Qb5 43. Qg6 Rg8
44. f7+ Rxg6 45. f8=Q+ Kd5 46. Qf3+ Kd6 47. Qf8+ Kd5 48. Qf3+ {1/2-1/2 Antal,
G-Seres,L/Budapest 2000/CBM 74 ext (48)}) (18. b3 a4 19. Nb2 axb3 20. cxb3 Ra8
21. Nc4 Nxc4 22. Bxc4 hxg5 23. Bxg5 Bxg5 24. Nxg5 Ne5 25. Qf4 Qa5 26. Rf2 Rf8
27. Bxe6 f6 28. Bxd7+ Nxd7 29. Ne6 {1-0 Tella Jussi (FIN)-Pulkkinen Kari (FIN)/
Finland 2001 (29)}) 18... Qb6 19. Nxe5 dxe5 (19... Nxe5 20. Bxd7+ Kxd7 21. Bf2
Qc6 22. Bd4 Bxg5 23. Qe2 Ke7 24. Bxe5 dxe5 25. Nf2 Qc4 26. Nd3 f5 27. Re1 fxe4
28. Nxe5 Qxe2 29. Rxe2 Rhd8 30. Rxe4 Rd2 31. Nc4 Rf2 32. Rge1 Rc6 33. h4 Bf6
34. g3 Kf7 35. h5 Rc5 36. g4 e5 37. Kc1 Bg5+ 38. Kb1 Bf4 39. b3 Kf6 40. Rd1 Kg5
41. Rde1 Rg2 42. Kb2 Kf6 43. Rd1 Kg5 44. Rde1 Kh4 45. Kb1 Kg3 46. Rf1 Rf2 47.
Rg1+ Rg2 48. Rge1 Rh2 49. Rg1+ Kf2 50. Rge1 a4 51. a3 bxa3 52. Ka2 axb3+ 53.
cxb3 Kf3+ 54. Kxa3 Rb5 55. b4 Kxg4 56. Nxe5+ Kf5 {0-1 Palac,M-Kozul,Z/Pula
1998/EXT 2000 (56)}) 20. Bd3 Qd8 21. Qf2 O-O 22. Bg3 hxg5 23. Rh1 f5 24. exf5
exf5 25. Qe2 Be6 26. Ne3 {1-0 Garay,L-Guedon,S/IECG 2001/Complete 2001 (26)}) (
15... b4 16. Na4 $16) 16. Rdf1 (16. b3 $6 Rc8 $1 {(פc3)} (16... b4 17. Na4 $16
) (16... Qa5 17. Bg3 $16) 17. Rdf1 Ng6 18. Bg3 Qa5 19. Nd1 (19. gxh6 Nb4 $40
20. Be1 Bf6 21. Nd4 Rxc3 $17) (19. Rd1 Nb8 $1 $15) 19... Qxd2 20. Nxd2 hxg5 21.
Ne3 Nd4 22. Bd1 Nf4 23. Re1 $15 {_|_} Bf6 24. Ng4 Bg7 25. e5 Nf5 26. Ne4 dxe5
27. Ngf6+ Ke7 28. Nxd7 Kxd7 29. Nxg5 Nxg3 30. hxg3 Nd5 31. Nxf7 Rhf8 32. Nxe5+
Kd6 33. Nd3 Nc3+ 34. Kc1 Nxa2+ 35. Kb1 Nc3+ 36. Kc1 Bh6+ 37. Kb2 Bd2 38. Ref1
e5 39. Bg4 Ra8 40. Rd1 Nxd1+ 41. Rxd1 Be3 42. Nb4+ Kc5 43. Nd3+ Kd6 44. Nb4+
$11 Bd4+ $2 45. c3 Rf2+ 46. Kb1 Rg8 47. Bf3 a5 48. Na2 Rxg3 49. Nc1 a4 50. cxd4
e4 $2 (50... exd4 $14) 51. Bxe4 $18 axb3 52. Bf3 Rg7 53. Nxb3 Rgxg2 54. Bxg2
Rxg2 55. Rc1 b4 56. Rc5 Rg1+ 57. Kc2 Rg3 {1-0 Tiviakov,S-Nijboer,F/Leeuwarden
NED 2002/The Week in Chess 399 (57)}) 16... b4 17. Na4 (17. Nd1 {- 15.Rdf1 b4
16.Nd1 Rb8 17.Kb1}) 17... Ng6 $1 (17... Nxf3 18. gxf3 Ne5 19. b3 Bxa4 20. bxa4
Qa5 21. f4 $14 {|^}) (17... Qa5 18. b3 $16) 18. Bg3 hxg5 $1 (18... Nce5 19. b3
$14) 19. Bxd6 (19. b3 g4 $15 {/\Nce5, /\Nge5}) 19... g4 20. Ne1 $8 (20. Bxb8
Nxb8 {פa4, Nf3}) (20. Bxe7 Ncxe7 {פa4, Nf3}) 20... Bxd6 (20... Bc8 21. Bf4
Qxd2 22. Bxd2 $14) 21. Qxd6 Nce5 22. Nc5 (22. b3 Bb5 (22... Bxa4 23. Qxd8+ Rxd8
24. bxa4 a5 $44) 23. Bxb5+ axb5 24. Qxd8+ Rxd8 25. Nc5 Rxh2 $15) 22... Bb5 23.
Qxd8+ Kxd8 $2 (23... Rxd8 $142 24. Bxb5+ (24. Ncd3 Rxh2 $15) (24. Ned3 Rxh2 $15
) 24... axb5 25. Ned3 (25. Ncd3 Rxh2 $13) 25... Rxh2 $13) 24. Ned3 $1 Rxh2 {[#]
} 25. Bxg4 $3 Nxg4 (25... Bxd3 26. cxd3 Rc8 27. d4 Nxg4 28. Rxf7 $40) 26. Rxf7
$40 {(עd8)} Rb6 (26... Bxd3 27. cxd3 (27. Nxe6+ Ke8 28. Rg7 $36) 27... Rb6 28.
Rg7 $40) (26... Ke8 27. Rg7 $18) 27. Nxb4 $1 Be8 (27... N6e5 28. Rg7 $40 (28.
Ra7 $5)) 28. Rg7 Nf6 (28... Rxb4 29. Nxe6+ Kc8 30. Rd1 $18) (28... a5 29. Rd1+
Kc8 30. Nba6 Rc6 31. Nxe6 $18) (28... Ne3 29. Nbxa6 Ne7 30. a3 $5 $16) 29.
Nbxa6 Rh7 30. Nc7 $1 Bf7 (30... Rxg7 31. N7xe6+ Ke7 32. Nxg7 $16) 31. N7xe6+
Ke7 32. Rxh7 Nxh7 33. Nd4 Ng5 34. Nf5+ Ke8 35. Rd1 Rc6 36. Nb7 (36. b4 $5)
36... Be6 37. Nbd6+ Kf8 38. b3 (38. Rd4) 38... Ne5 39. Rf1 Rc5 40. c4 (40. a4)
40... Nef7 41. Nd4 (41. Nxf7 Nxe4 $5) 41... Ke7 42. Nxf7 (42. Nxe6 Kxe6 43.
Nxf7 Nxf7 {/\Rg5, Nd6}) 42... Nxf7 43. Nf3 Rc8 $1 {(><g2, e4)} 44. Kb2 Rg8 45.
Rf2 Nd6 46. Re2 Rg4 47. Nd2 (47. e5 Ne4) 47... Rg3 48. a4 $2 {(><b3)} Nb7 $1
$132 49. Ka3 (49. Nf3 Nc5 50. Kc3 Bg4 (50... Bh3) (50... Rg4)) 49... Rd3 $1 50.
Kb4 $8 Nd8 $1 {(/\Nc6-d4)} 51. Kc5 Bg4 52. Rf2 Ne6+ 53. Kb6 (53. Kb4 Nd4 54. a5
Be2) 53... Bd1 $2 (53... Rd8 $1 $11 54. a5 $140 Rb8+ 55. Ka7 Rb4 {עa7}) 54. b4
Rd6+ $6 (54... Bxa4 $14) 55. Ka5 Rd8 56. b5 Nc5 $6 (56... Ra8+ 57. Kb6 $16) 57.
Rf5 $1 Nb7+ (57... Nxa4 58. Nf3 $16) 58. Kb6 Rxd2 59. Kxb7 Bxa4 60. g3 $6 $138
(60. g4 $18 Rd4 $140 61. Rc5 Rxe4 62. g5) 60... Rd4 61. Rc5 (61. Re5+ Kd6 62.
Rd5+ Rxd5 63. exd5 Bb3 64. b6 Bxc4 $11) 61... Rxe4 62. Rc7+ $6 (62. Kc7 $1 $16)
62... Kd6 63. b6 (63. c5+ Kd5 64. b6 Rg4 $11) 63... Rg4 64. Ka7 (64. c5+ Kd5
$11 65. c6 $140 Rg6) 64... Bc6 65. b7 Rxc4 $8 (65... Bxb7 $2 66. Kxb7 Rxg3 67.
Rc6+ $1 Ke5 68. Rc8 $18) 66. b8=Q Ra4+ 67. Kb6 Rb4+ 68. Ka7 Ra4+ 1/2-1/2

[Event "Olympiad-37"]
[Site "Turin"]
[Date "2006.05.30"]
[Round "9"]
[White "Tiviakov, Sergei"]
[Black "Kozul, Zdenko"]
[Result "1/2-1/2"]
[WhiteElo "2669"]
[BlackElo "2606"]
[Annotator "Tiviakov,S"]
[PlyCount "73"]
[EventDate "2006.05.21"]
[EventType "team-swiss"]
[EventRounds "13"]
[EventCountry "ITA"]
[SourceTitle "CBM 113"]
[Source "ChessBase"]
[SourceDate "2006.07.31"]
[SourceVersion "1"]
[SourceVersionDate "2006.07.31"]
[SourceQuality "1"]
[WhiteTeam "Netherlands"]
[BlackTeam "Croatia"]
[WhiteTeamCountry "NED"]
[BlackTeamCountry "CRO"]

1. e4 c5 2. Nc3 d6 3. Nge2 Nc6 4. d4 cxd4 5. Nxd4 Nf6 6. Bg5 e6 7. Qd2 a6 8.
O-O-O Bd7 9. f4 b5 10. Bxf6 gxf6 11. Kb1 Qb6 12. Nxc6 Bxc6 13. Qe1 Ra7 14. Bd3
(14. f5 h5 15. Bd3 b4 16. Ne2 e5 17. Qh4 Ke7 18. Ng3 Bh6 19. Qxh5 Qc5 20. Rhe1
a5 21. b3 Bb5 22. Bxb5 Qxb5 23. Nf1 a4 24. Ne3 Bxe3 25. Qxh8 axb3 26. cxb3 Bf2
27. Rxd6 Kxd6 28. Qxf6+ Kc7 29. Rc1+ Kb7 30. Qxf7+ Ka6 31. Qe6+ Bb6 32. Qc8+
Ka5 33. g4 Qd3+ 34. Qc2 Qe3 35. Qc6 Qd3+ 36. Rc2 Qd1+ 37. Rc1 Qd3+ 38. Rc2 Qd1+
{1/2-1/2 Tiviakov,S-Kozul,Z/Bugojno 1999/Inf 77/206}) 14... Qc5 15. Qh4 Be7 16.
f5 e5 (16... a5 {- 82/191}) 17. Qh6 $5 $146 (17. Rhf1 b4 {1/2-1/2 Guadalpi,
D-Lazarev,V/Marseille 2003/EXT 2004 (17)}) (17. Rhe1 $5 b4 18. Ne2 a5 (18... d5
$5) 19. b3 a4 20. Bc4 h5 21. Ng3 Qf2 22. Re2 Qf4 23. Qxf4 exf4 24. Nf1 $16 h4
25. h3 f3 26. gxf3 Rg8 27. Rdd2 Ra5 28. Rg2 Rxg2 29. Rxg2 d5 30. Bd3 dxe4 31.
fxe4 Rc5 32. Rg4 axb3 33. axb3 Bd6 34. Rxh4 Be5 35. Kc1 Ra5 36. Kd1 Ra1+ 37.
Ke2 Ke7 38. Kf3 Kd6 39. Rh7 Kc5 40. Ne3 Rh1 41. Ng4 Kd4 42. Nf2 Re1 43. Rg7
Re3+ 44. Kg2 Bf4 45. Rg8 Bg5 46. Rd8+ Kc5 47. Rh8 Bf4 48. h4 Rg3+ 49. Kf1 Be3
50. h5 Bd4 51. Nd1 Rh3 52. Kg2 Rh4 53. h6 Rg4+ 54. Kf3 Rh4 55. h7 Rh2 56. Bc4
Rh3+ 57. Kg2 Rh5 58. Bd5 Bxd5 59. exd5 Rg5+ 60. Kf3 Rxf5+ 61. Ke4 Re5+ 62. Kd3
Rxd5 63. Rc8+ {1-0 Shen Yang-Kosintseva,N/Erguna CHN 2006/CT-2113 (63)}) 17...
b4 18. Ne2 $6 (18. Nd5 $5 Bxd5 19. exd5 {(/\Qg7-h7)} Qxd5 (19... a5 20. Qg7 Rf8
21. Qxh7 $16) 20. Qg7 Rf8 21. Rhe1 $16 {/\Be4, ><h7}) 18... a5 19. Qg7 Rf8 20.
Qxh7 a4 21. Qh4 (21. h4 $5 d5 $1 (21... b3 22. cxb3 axb3 23. a3 $16) (21... a3
22. b3 d5 23. Qg7 (23. h5 dxe4 24. Bc4 $16) 23... dxe4 24. Bc4 Rd7 25. Rxd7
Bxd7 26. h5 $18) 22. exd5 Bxd5 $132) 21... Rg8 $1 22. Rhg1 Rd7 23. Qe1 (23. g4
d5 (23... a3 24. b3 d5 $5) 24. exd5 Bxd5 $132) 23... a3 24. b3 d5 25. exd5 (25.
Qh4 $5 {/\26.ed Bd5 27.Be4}) 25... Qxd5 26. Ng3 $2 (26. c4 Qa5 $1 {/\Bc5} (
26... bxc3 27. Nxc3 Qc5 28. g4 $13)) (26. Qh4 e4 27. Ba6 Qxf5 $17 (27... Qe5
$17)) (26. g3 $142 $5 e4 (26... Bc5 27. Rf1 e4 28. Bc4 Qe5 29. c3 $13) 27. Bc4
Qxf5 (27... Qe5 28. c3 $13) 28. Rxd7 (28. Nd4 Qe5 29. c3 bxc3 $17) 28... Qxd7
29. Qf2 $13 {/\Nd4}) 26... Rxg3 $2 (26... Qd4 27. c3 Qxc3 28. Qxc3 bxc3 $17 {
_|_ ^^}) 27. hxg3 (27. Be2 $5 Rxb3+ $1 (27... Qxd1+ 28. Bxd1 Rxg2 29. Rxg2 Bxg2
$16) 28. axb3 Qc5 29. Rxd7 a2+ $1 $13) 27... e4 28. Bc4 Qe5 29. c3 bxc3 (29...
Rxd1+ 30. Qxd1 Qxc3 31. Qe2 e3 32. Bd3 Qd4 33. Rh1 $16) 30. Rxd7 (30. Kc2 Rd2+
$1 31. Rxd2 cxd2 32. Qxd2 Qb2+ (32... e3 33. Qc3 Be4+ 34. Bd3 Bxd3+ 35. Kxd3
Qxf5+ 36. Kd4 $11) 33. Kd1 Qb1+ 34. Qc1 Qxa2 35. Rh1 Qxg2 36. Rh8+ Kd7 $15)
30... Bxd7 (30... c2+ 31. Kxc2 Qb2+ 32. Kd1 Bxd7 33. Rh1 $1 Qa1+ (33... Qxa2
34. Rh8+ Bf8 35. Qxe4+ $18) (33... Bxf5 34. Rh8+ Kd7 35. Qd2+ Qxd2+ 36. Kxd2
$18) 34. Ke2 Qxa2+ 35. Kf1 $16 {->}) 31. Kc2 (31. Qe2 Bxf5 32. g4 (32. Kc2 Qxg3
$13 (32... e3+ 33. Bd3 Bxd3+ 34. Qxd3 Qxg3 $11)) 32... Bxg4 33. Qxg4 c2+ 34.
Kxc2 Qb2+ $11) 31... Bxf5 32. g4 Bxg4 33. Qxc3 Bb4 $1 34. Qxe5+ fxe5 35. Rh1 f5
$44 {([+], o^e4)} 36. Rh4 (36. Rh6 Kd7 37. Re6 Bd6 $11) (36. Rh8+ Kd7 37. Rb8
Bd6 38. Rg8 e3 $11) 36... Ke7 37. Rxg4 {^-} 1/2-1/2

[Event "Presov"]
[Site "Presov"]
[Date "1999.08.19"]
[Round "6"]
[White "Manik, Mikulas"]
[Black "Kulaots, Kaido"]
[Result "1-0"]
[WhiteElo "2447"]
[BlackElo "2478"]
[Annotator "Tsesarsky,I"]
[PlyCount "71"]
[EventDate "1999.08.14"]
[EventType "tourn"]
[EventRounds "9"]
[EventCountry "SVK"]
[EventCategory "10"]
[SourceTitle "CBM 073"]
[Source "ChessBase"]
[SourceDate "1999.12.01"]
[SourceVersion "1"]
[SourceVersionDate "1999.12.01"]
[SourceQuality "1"]

1. e4 c5 2. Nf3 Nc6 3. d4 cxd4 4. Nxd4 Nf6 5. Nc3 d6 6. Bg5 e6 7. Qd2 a6 8.
O-O-O Bd7 9. f4 b5 10. Bxf6 gxf6 11. Kb1 (11. f5 $5) 11... Qb6 12. Nb3 (12. Nf3
b4 13. Ne2 (13. Nd5 $2 exd5 14. exd5 Ne7 15. Re1 Kd8 16. Bc4 Qc5 17. Bb3 a5 $19
{0-1 Urbanc,S-Grosar,K/SLO-chT Bled ,EXP 1996 (21)}) 13... a5 (13... Rc8 14.
Ng3 h5 15. e5 f5 16. exd6 $16 {1-0 Spassky,B-Cappello,R/Lugano (ol) 1968/Inf
06 (38)}) (13... Qf2 14. Ng3 (14. Ne1 a5 15. Nd3 Qb6 16. g3 $132 {0-1
Blackstock,L-Ostojic,P/Budapest Tungsram 1977 (41)}) 14... Qxd2 15. Rxd2 Bh6
16. Nh5 Ke7 17. g4 $14) (13... Qc5 14. f5 h5 15. fxe6 fxe6 16. g3 Ne5 17. Nfd4
Nc4 18. Qd3 $14 {1/2-1/2 Weinstein,N-Browne,W/Lone Pine 1977/Inf 23 (36)}) (
13... Ra7 14. Nc1 Rc7 15. Bd3 e5 16. f5 $14 {1-0 Grinfeld,A-Grosar,K/Nova
Gorica-W 1992 (46)}) (13... h5 14. f5 $5 $14 (14. g3 a5 15. Bg2 Ra7 16. h3 Qc5
17. Nc1 a4 18. Rhf1 Rg8 19. Qe1 Bh6 20. Nd3 Qb6 $132 {1-0 Fritz4-Grosar,A/
SLO-Fritz4 (Bled 1996 (32)})) 14. Ned4 $1 $14 (14. f5 Qc5 15. fxe6 (15. Nf4 a4
16. Nh5 Be7 17. Qh6 (17. Ng7+ Kd8 (17... Kf8 18. Qh6 $18) 18. Nh5 (18. fxe6
fxe6 19. g3 b3 $17) 18... b3 $17) 17... b3 18. c3 (18. cxb3 axb3 19. axb3 Nb4
20. Bc4 Qa7 $19) 18... bxa2+ 19. Kxa2 a3 $17) 15... fxe6 16. Nf4 a4 17. Nd3 Qa5
18. Be2 b3 19. axb3 axb3 20. Qxa5 bxc2+ (20... Nxa5 21. Nd4 bxc2+ 22. Nxc2 Nb3
$17 {1/2-1/2 De Wit-Linders/cr NED 1e kl 0 (36)}) 21. Kxc2 Nxa5 $17)) (12. g3
b4 (12... Qxd4 13. Qxd4 Nxd4 14. Rxd4 Bc6 15. Bh3 {[%cal Gf4f5]} (15. Bg2 f5
16. Re1 O-O-O 17. Rd2 b4 18. Nd1 fxe4 19. Bxe4 Kc7 20. Bxc6 Kxc6 $132 {1/2-1/2
Drollinger,D-Pernutz,H/Saarbrucken-Ingbert 1987 (26)}) 15... h5 16. Rhd1 h4 17.
g4 O-O-O 18. Bg2 $132) 13. Nce2 Na5 14. Nb3 Nxb3 15. cxb3 Bc6 16. Bg2 f5 $15 (
16... e5 $6 $14 {0-1 Tarjan,J-Larsen,B/USA 1968/Inf 06 (34)})) (12. Nxc6 Qxc6
13. Qe3 Qc5 14. Qxc5 dxc5 15. Re1 c4 16. Be2 h5 17. Bf3 Rd8 18. Nd5 Be7 19.
Nxe7 Kxe7 20. e5 $11 {1/2-1/2 Rorvall,G-Schneider,L/Sweden 1983 (21)}) 12... b4
(12... O-O-O 13. g3 Kb8 14. Bg2 Bc8 15. Bf3 Bg7 (15... Bb7 16. Rhe1 h5 17. h4
$14) 16. Rhe1 Bb7 17. Qe3 $14 {1-0 Shamkovich,L-Zaltsman,V/New York 1980 (73)})
13. Ne2 (13. Na4 Qc7 14. Qf2 Rb8 $15 {[%csl Ra4][%cal Gd7a4]}) 13... h5 $6 $14
(13... a5 14. Nbd4 a4 $132) 14. Ng3 {[%csl Rh5]} (14. g3 a5 $132) 14... a5 15.
Be2 {[%cal Ge2h5]} h4 16. Nh5 Be7 (16... Rh6 17. g4 hxg3 18. hxg3 a4 19. Nc1 a3
20. b3 Rc8 21. g4 $14) 17. g4 $1 a4 $2 $16 (17... hxg3 $1 {It was necessary to
exchange PP Getting rid from unnecessary weakness.} 18. hxg3 {[%cal Gh5g7]} Rg8
19. g4 a4 20. Nd4 Nxd4 21. Qxd4 Qxd4 22. Rxd4 $14) 18. Nd4 (18. Nc1 a3 19. b3
Rg8 20. h3 $14 {[%csl Re8,Rh4]}) 18... Nxd4 19. Qxd4 Qxd4 20. Rxd4 Rb8 21. f5
$1 (21. Rhd1 Bc6 22. Rxd6 Bxe4 (22... Bxd6 23. Rxd6 Rxh5 (23... Bxe4 24. Nxf6+
Ke7 25. Nxe4 f5 26. Bc4 fxe4 27. Rxe6+ Kd7 28. Rxe4 $18) 24. gxh5 Bxe4 25. Rd4
Bf5 26. Kc1 $16) 23. R6d4 Bc6 24. f5 $14 {[%csl Re6,Rf7][%cal Ge2c4]} (24. Rc4
Bb5 25. Nxf6+ $1 Bxf6 26. Rxb4 Bxe2 27. Rxb8+ Ke7 28. Rb7+ Ke8 29. Rdd7 Bxg4
30. Rxf7 Bf3 31. Ra7 Rg8 32. c3 Rg6 $44)) 21... Bc6 22. Rhd1 (22. Bc4 $1 e5 (
22... Kd7 23. Rhd1 Rhd8 24. fxe6+ fxe6 25. Ng7 e5 26. Be6+ Kc7 27. Rc4 Bf8 28.
Nf5 $18) 23. Bd5 exd4 24. Bxc6+ Kd8 25. Bxa4 h3 (25... Ra8 26. Bb3 $16) 26. Bb3
Ke8 27. Nf4 Rg8 28. Rg1 Rc8 29. Nxh3 Rh8 30. Rg3 Bf8 31. Kc1 Bh6+ 32. Kd1 $16)
22... Kd7 23. b3 $2 $132 (23. Bc4 $16) 23... Rhc8 24. Rc4 (24. Bc4 e5 25. R4d2
Bxe4 26. Bxf7 axb3 27. axb3 Bf3 28. Be6+ Kc7 29. Rf1 Bxg4 30. Bxc8 Rxc8 31. Ng7
Kd7 $44) 24... Rg8 25. Nf4 Rb6 26. h3 (26. Rcd4 axb3 $1 (26... Rgb8 27. fxe6+ (
27. bxa4 e5 $17) 27... fxe6 28. Ng6 e5 29. Rc4 Bb5 30. bxa4 Bxc4 31. Bxc4 $14)
27. axb3 Rgb8 $1 $132 {[%csl Rb6][%cal Ge6e5]} (27... Re8 $2 28. Bc4 e5 29. Nd5
Bxd5 30. Rxd5 Rg8 (30... Ra8 31. R5d3 Ra3 32. Rh3 $18) 31. h3 Kc7 32. Ra5 Rf8
33. Bd5 $18)) 26... Rgb8 27. Bf1 (27. Rcd4 e5 $19) 27... axb3 (27... a3 $5 $132
) 28. axb3 Bf8 $2 $16 (28... Ra8 29. Rcd4 Ra5 $132) 29. fxe6+ fxe6 30. Ng6 Bh6
(30... Be7 31. Rcd4 Rd8 32. e5 d5 33. Rf4 fxe5 34. Nxe5+ Kc7 35. Rf7 Re8 36. g5
$16) 31. Rdd4 $2 (31. Rcd4 {Maybe this move was done?} Bf8 (31... Ba8 32. e5 $1
$16) 32. Nxf8+ Rxf8 33. Rxd6+ $18) 31... Bf8 32. Rxd6+ $4 Ke8 $4 33. e5 $4 (33.
Rdxc6 $18) 33... Be4 34. Nh8 Rxd6 35. exd6 Kd7 36. Nf7 {Seems mistake on the
scoresheet...} 1-0